000 00585nam a2200217Ia 4500
001 2005
003 GE_BSU
008 181216s||||||||xx |||||||||||||| ||und||
020 _a5951204665
040 _cGE_BSU
080 _a347.9
100 _aСоловьев,А.А.
245 _aАдвокаты.Нотариусы. Аудиторы.Оценщики
260 _aМосква
260 _bПриор-Издат
260 _c2005
300 _a144стр.
541 _h5л.
653 _aАдвокаты.Нотариусы. Аудиторы.Оценщики
942 _cBK
999 _c36105
_d36105